[Event "Doha Ramadan op"]
[Site "Doha"]
[Date "2024.03.15"]
[Round "2"]
[White "Alrefae, Ahmad"]
[Black "Alhejab, Meshal"]
[Result "1-0"]
[WhiteElo "1645"]
[BlackElo "1930"]
[PlyCount "72"]
[EventDate "2024.03.14"]
[EventType "swiss"]
[EventRounds "9"]
[EventCountry "QAT"]
[SourceTitle "CB15_2024"]
[SourceDate "2024.04.10"]
[SourceVersion "1"]
[SourceVersionDate "2024.04.10"]
[SourceQuality "1"]

1. e4 c5 2. Nf3 d6 3. d4 cxd4 4. Nxd4 Nf6 5. Nc3 a6 6. Rg1 e5 7. Nb3 Be6 8. g4 h6 9. Nd5 Nxe4 10. Bg2 Nc5 11. Be3 Nc6 12. a4 Rc8 13. Nd2 Qa5 14. Kf1 Nxa4 15. Bb6 Nxb2 16. Bxa5 Nxd1 17. Nc7+ Kd7 18. Bxc6+ Kxc6 19. Nxe6 fxe6 20. Rxd1 Kb5 21. Nb3 Rxc2 22. Rg3 Be7 23. Be1 Rb2 24. Rf3 e4 25. Re3 d5 26. Nd4+ Kc4 27. Rc1+ Kxd4 28. Bc3+ Kc5 29. Bxg7+ Kd6 30. Bxb2 Rb8 31. Ba3+ Kd7 32. Bxe7 Kxe7 33. Rg3 Kd6 34. Rb1 Kc7 35. Ke2 d4 36. Rb4 e5 1-0

[Event "Doha Ramadan op"]
[Site "Doha"]
[Date "2024.03.14"]
[Round "1"]
[White "Alhejab, Meshal"]
[Black "Al Qassabi, Mohammed"]
[Result "1-0"]
[WhiteElo "1930"]
[BlackElo "1537"]
[PlyCount "27"]
[EventDate "2024.03.14"]
[EventType "swiss"]
[EventRounds "9"]
[EventCountry "QAT"]
[SourceTitle "CB15_2024"]
[SourceDate "2024.04.10"]
[SourceVersion "1"]
[SourceVersionDate "2024.04.10"]
[SourceQuality "1"]

1. e4 e5 2. Nf3 Nc6 3. Bb5 a6 4. Ba4 Nf6 5. 0-0 b5 6. Bb3 Be7 7. d4 d6 8. a4 Nxd4 9. Nxd4 exd4 10. axb5 Nxe4 11. Bd5 Rb8 12. bxa6 Bf5 13. a7 Ra8 14. Qf3 1-0

[Event "KUW-ch"]
[Site "Kuwait City"]
[Date "2024.01.30"]
[Round "7"]
[White "Alhejab, Meshal"]
[Black "Hussain, Hashem"]
[Result "1/2-1/2"]
[WhiteElo "1787"]
[BlackElo "1642"]
[PlyCount "66"]
[EventDate "2024.01.22"]
[EventType "swiss"]
[EventRounds "9"]
[EventCountry "KUW"]
[SourceTitle "CB07_2024"]
[SourceDate "2024.02.14"]
[SourceVersion "1"]
[SourceVersionDate "2024.02.14"]
[SourceQuality "1"]

1. e4 c5 2. Nf3 g6 3. d4 cxd4 4. Nxd4 Nc6 5. Nc3 Bg7 6. Be3 Nf6 7. Bc4 Qa5 8. Nb3 Qb4 9. Nd2 Qxb2 10. Nb5 Qe5 11. f4 Qb8 12. e5 Nxe5 13. fxe5 Qxe5 14. Kf2 d5 15. Be2 0-0 16. h3 a6 17. Nd4 Qd6 18. c3 e5 19. N4b3 Nd7 20. Bf3 Qf6 21. Kg1 e4 22. Bd4 Qg5 23. Be2 Ne5 24. Nf1 Be6 25. Qd2 Qd8 26. Nc5 b5 27. a4 Nc4 28. Bxc4 bxc4 29. Nxe6 fxe6 30. Bxg7 Kxg7 31. Ne3 Kg8 32. a5 Rb8 33. Ng4 Qc7 1/2-1/2

[Event "Asia-ch Amateur"]
[Site "Dubai"]
[Date "2023.08.29"]
[Round "3"]
[White "Alhejab, Meshal"]
[Black "Fooladi, Behrooz"]
[Result "0-1"]
[WhiteElo "1711"]
[BlackElo "1844"]
[PlyCount "106"]
[EventDate "2023.08.28"]
[EventType "swiss"]
[EventRounds "9"]
[EventCountry "UAE"]
[SourceTitle "EXT 2024"]
[Source "ChessBase"]
[SourceDate "2023.10.10"]
[SourceVersion "1"]
[SourceVersionDate "2023.10.10"]
[SourceQuality "1"]

1. e4 c5 2. Nf3 d6 3. d4 cxd4 4. Nxd4 Nf6 5. Nc3 a6 6. Be3 e6 7. Be2 Qc7 8. 0-0 b5 9. f3 Bb7 10. a4 b4 11. Na2 d5 12. Qd2 Bd6 13. h3 Nbd7 14. Nxb4 dxe4 15. Rad1 0-0 16. c4 Bc5 17. Nbc2 a5 18. f4 Qb6 19. Nb5 Rfd8 20. Qc3 Bxe3+ 21. Qxe3 Qxe3+ 22. Nxe3 Nc5 23. Rxd8+ Rxd8 24. Rd1 Rxd1+ 25. Bxd1 Nd3 26. b3 Nxf4 27. Nc2 Nd3 28. Nd6 Ba6 29. Nd4 Nb4 30. g4 g5 31. Kf2 Kf8 32. Ke3 Ke7 33. Nxe4 Nxe4 34. Kxe4 Bb7+ 35. Ke3 Bg2 36. Nf3 h6 37. h4 Bxf3 38. Bxf3 Kd6 39. hxg5 hxg5 40. Kd4 Na6 41. Be4 Nc5 42. Bc2 f5 43. gxf5 exf5 44. Bxf5 Nxb3+ 45. Ke4 Nc5+ 46. Kf3 Nxa4 47. Kg4 Nc5 48. Kxg5 a4 49. Bb1 Ke5 50. Kg4 Kd4 51. Kf3 Kc3 52. Ke3 Kb2 53. Kd4 Nb3+ 0-1

[Event "Arab-ch"]
[Site "Khartoum"]
[Date "2023.02.28"]
[Round "4"]
[White "Mahamat, Hachim Bachar"]
[Black "Alhejab, Meshal"]
[Result "0-1"]
[WhiteElo "1718"]
[BlackElo "1906"]
[PlyCount "80"]
[EventDate "2023.02.26"]
[EventType "swiss"]
[EventRounds "9"]
[EventCountry "SUD"]
[SourceTitle "CBM 213 Extra"]
[Source "ChessBase"]
[SourceDate "2023.05.31"]
[SourceVersion "1"]
[SourceVersionDate "2023.05.31"]
[SourceQuality "1"]

1. e4 c5 2. Nc3 Nc6 3. Bb5 e6 4. Nf3 Nge7 5. d4 cxd4 6. Nxd4 Nxd4 7. Qxd4 Nc6 8. Bxc6 bxc6 9. Bf4 d5 10. exd5 cxd5 11. 0-0 Qb6 12. Qe5 f6 13. Qe1 Kf7 14. Qd1 Bb7 15. Re1 Be7 16. Be3 Qc6 17. Qf3 Rhd8 18. Bd4 Kg8 19. Ne2 e5 20. Ng3 Qd7 21. Qe2 Bd6 22. Be3 f5 23. Bg5 Rdc8 24. c3 f4 25. Nh5 Qf5 26. Bh4 g5 27. Bg3 fxg3 28. hxg3 Rc4 29. g4 Qe6 30. Rac1 Rf8 31. f3 Ba6 32. Qd2 Bc5+ 33. Kh1 Rff4 34. b3 Rxg4 35. fxg4 Rxg4 36. g3 Qf7 37. Kg2 Bb7 38. Nf6+ Qxf6 39. Kh3 Qf3 40. Qg2 Rh4# 0-1

[Event "KUW-ch"]
[Site "Qadsiya"]
[Date "2022.03.15"]
[Round "8"]
[White "Hussain, Hashem"]
[Black "Alhejab, Meshal"]
[Result "1/2-1/2"]
[WhiteElo "1692"]
[BlackElo "1661"]
[PlyCount "77"]
[EventDate "2022.03.06"]
[EventType "tourn"]
[EventRounds "9"]
[EventCountry "KUW"]
[SourceTitle "CBM 207 Extra"]
[Source "ChessBase"]
[SourceDate "2022.05.31"]
[SourceVersion "1"]
[SourceVersionDate "2022.05.31"]
[SourceQuality "1"]

1. e4 c5 2. Nf3 Nc6 3. c3 Nf6 4. e5 Nd5 5. d4 cxd4 6. cxd4 d6 7. exd6 Qxd6 8. Be2 g6 9. 0-0 Bg7 10. Nc3 Bf5 11. Qb3 Ndb4 12. Nb5 Qd8 13. d5 Nc2 14. dxc6 Nxa1 15. cxb7 Rb8 16. Qc4 Rxb7 17. Rd1 Qc8 18. Bf4 Qxc4 19. Bxc4 Bxb2 20. Nc7+ Rxc7 21. Bxc7 0-0 22. Nd4 Bxd4 23. Rxd4 Nc2 24. Rd8 Nb4 25. f3 Rxd8 26. Bxd8 Nc6 27. Bc7 Be6 28. Bb5 Nd4 29. a4 Nxb5 30. axb5 Bc4 31. b6 axb6 32. Bxb6 f6 33. g4 Kf7 34. Kf2 e5 35. Be3 Ke6 36. f4 Bd3 37. g5 exf4 38. Bxf4 fxg5 39. Bxg5 1/2-1/2

[Event "KUW-ch"]
[Site "Qadsiya"]
[Date "2022.03.08"]
[Round "3"]
[White "Alhejab, Meshal"]
[Black "Alruwayeh, Talal"]
[Result "1-0"]
[WhiteElo "1661"]
[BlackElo "1435"]
[PlyCount "39"]
[EventDate "2022.03.06"]
[EventType "tourn"]
[EventRounds "9"]
[EventCountry "KUW"]
[SourceTitle "CBM 207 Extra"]
[Source "ChessBase"]
[SourceDate "2022.05.31"]
[SourceVersion "1"]
[SourceVersionDate "2022.05.31"]
[SourceQuality "1"]

1. e4 e5 2. Nf3 f5 3. Nxe5 Nf6 4. Bc4 d5 5. exd5 Qe7 6. d4 Nbd7 7. Bf4 Nxe5 8. Bxe5 Qb4+ 9. Nd2 Ne4 10. c3 Qxb2 11. Nxe4 fxe4 12. 0-0 h5 13. Bxc7 Bg4 14. Qe1 Kd7 15. Be5 b6 16. Qxe4 Rc8 17. Rab1 Qa3 18. Bb5+ Kd8 19. d6 Rh6 20. Bf6+ 1-0

[Event "KUW-ch"]
[Site "Kuwait"]
[Date "2020.02.04"]
[Round "8"]
[White "Alothman, Abdul Wahab"]
[Black "Alhejab, Meshal"]
[Result "1-0"]
[WhiteElo "1901"]
[BlackElo "1502"]
[PlyCount "46"]
[EventDate "2020.01.26"]
[EventType "swiss"]
[EventRounds "9"]
[EventCountry "KUW"]
[SourceTitle "CBM 195 Extra"]
[Source "ChessBase"]
[SourceDate "2020.05.31"]
[SourceVersion "1"]
[SourceVersionDate "2020.05.31"]
[SourceQuality "1"]

1. d4 Nf6 2. Nf3 g6 3. c4 Bg7 4. Nc3 d5 5. Qb3 dxc4 6. Qxc4 0-0 7. e4 c6 8. Be2 Nbd7 9. 0-0 Nb6 10. Qd3 Bg4 11. Rd1 Nfd7 12. Be3 e5 13. d5 c5 14. a4 Nc8 15. d6 a6 16. h3 Bxf3 17. Bxf3 Qf6 18. Bg4 Rd8 19. Qd2 h6 20. Bxh6 Bxh6 21. Qxh6 Nf8 22. Nd5 Qxd6 23. Qh4 Nd7 1-0